Reshme Batte : Onapu batte Oratu daari (Record no. 233667)
[ view plain ]
| 000 -LEADER | |
|---|---|
| fixed length control field | 05913nam a22002297a 4500 |
| 005 - DATE AND TIME OF LATEST TRANSACTION | |
| control field | 20250407103803.0 |
| 008 - FIXED-LENGTH DATA ELEMENTS--GENERAL INFORMATION | |
| fixed length control field | 250121b ||||| |||| 00| 0 eng d |
| 020 ## - INTERNATIONAL STANDARD BOOK NUMBER | |
| International Standard Book Number | 9788197599187 |
| 040 ## - CATALOGING SOURCE | |
| Transcribing agency | AL |
| 041 ## - LANGUAGE CODE | |
| Language code of text/sound track or separate title | Kannada |
| 082 ## - DEWEY DECIMAL CLASSIFICATION NUMBER | |
| Edition number | 23 |
| Classification number | K894.3 |
| Item number | VASR |
| 100 ## - MAIN ENTRY--PERSONAL NAME | |
| Personal name | Vasudhendra |
| 100 ## - MAIN ENTRY--PERSONAL NAME | |
| 9 (RLIN) | 207676 |
| 100 ## - MAIN ENTRY--PERSONAL NAME | |
| Numeration | ವಸುಧೇಂದ್ರ |
| 9 (RLIN) | 207677 |
| 245 ## - TITLE STATEMENT | |
| Title | Reshme Batte : Onapu batte Oratu daari |
| Remainder of title | ರೇಷ್ಮೆ ಬಟ್ಟೆ: ಒನಪು ಬಟ್ಟೆ - ಒರಟು ದಾರಿ |
| 260 ## - PUBLICATION, DISTRIBUTION, ETC. | |
| Place of publication, distribution, etc. | Bangalore |
| Name of publisher, distributor, etc. | Chanda Pustaka |
| Date of publication, distribution, etc. | 2024 |
| 300 ## - PHYSICAL DESCRIPTION | |
| Extent | 451 p. |
| Other physical details | PB |
| Dimensions | 21x14 cm. |
| 365 ## - TRADE PRICE | |
| Price type code | BLCR-000064 |
| Price amount | ₹360.00 |
| Currency code | ₹ |
| Unit of pricing | ₹450.00 |
| Price note | 20% |
| Price effective from | 13-01-2025 |
| 520 ## - SUMMARY, ETC. | |
| Summary, etc. | ‘ಜಾಗತೀಕರಣ’ ಎನ್ನುವ ಸಂಗತಿಯನ್ನು ನಾವು ಇತ್ತೀಚಿನ ದಶಕಗಳಲ್ಲಿ ಜಾಗತಿಕವಾಗಿ ನಡೆಯುತ್ತಿರುವ ವ್ಯಾಪಾರ ವ್ಯವಹಾರಗಳಿಗೆ ಸೀಮಿತವಾಗಿ ಬಳಸುತ್ತೇವೆ. ಆದರೆ ದೇಶ-ದೇಶಗಳ ನಡುವೆ ವ್ಯಾಪಾರವು ಯಾವುದೋ ರೂಪದಲ್ಲಿ ಪ್ರಾರಂಭವಾದರೆ ಸಾಕು, ’ಜಾಗತೀಕರಣ’ವು ಸದ್ದಿಲ್ಲದೆ ನಡೆದಿರುತ್ತದೆ. ಈ ಪ್ರಕ್ರಿಯೆಯನ್ನು ಎಲ್ಲಾ ಕಾಲದಲ್ಲಿಯೂ ಜಗತ್ತು ಹಲವು ರೂಪಗಳಲ್ಲಿ ಕಂಡಿದೆ. ಸಿಹಿ-ಕಹಿಗಳೆರಡನ್ನೂ ಒಟ್ಟಿಗೆ ತಂದೊಡ್ಡುವ ಜಾಗತೀಕರಣವು ಆ ದೇಶ-ಕಾಲದ ಜನಸಾಮಾನ್ಯರ ಬದುಕಿನಲ್ಲಿ ಹಲವು ಗಡಿಗಳನ್ನು ದಾಟುವ ಸವಾಲನ್ನು ಜೀವನ್ಮರಣದ ಸಂಗತಿಯಾಗಿ ತಂದೊಡ್ಡುತ್ತದೆ. ಬದುಕಿನಲ್ಲಿ ಬದಲಾವಣೆಯನ್ನು ಕಡ್ಡಾಯವಾಗಿ ಬೇಡುವ ಈ ವಿದ್ಯಮಾನವು, ತಲೆಮಾರುಗಳ ನಡುವೆ ದೊಡ್ಡ ಕಂದಕವನ್ನು ನಿರ್ಮಿಸುತ್ತದೆ. ಧರ್ಮ, ಸಂಸ್ಕೃತಿ, ಭಾಷೆ, ವಾಣಿಜ್ಯ, ರಾಜಕೀಯ, ನೈತಿಕತೆ - ಎಲ್ಲದರಲ್ಲಿಯೂ ಊಹಿಸಲಾರದ ಸಂಕರವನ್ನು ಸೃಷ್ಟಿಸಿ ಯುಗಸಂಘರ್ಷವನ್ನು ಸೃಷ್ಟಿಸುತ್ತದೆ. <br/><br/>ಎರಡನೆಯ ಶತಮಾನದಲ್ಲಿ ಇಂತಹದೊಂದು ದೊಡ್ಡ ಜಾಗತೀಕರಣಕ್ಕೆ ಏಷ್ಯಾಖಂಡದ ಜನರು ಮುಖಾಮುಖಿಯಾದರು. ಕುಶಾನ ಸಾಮ್ರಾಜ್ಯದ ಕಾನಿಷ್ಕನು ವಾಯವ್ಯ ಭಾರತವನ್ನು ಆಳುತ್ತಿರುವ ಹೊತ್ತಿನಲ್ಲಿ, ಚೀನಾ ದೇಶದಿಂದ ರೋಮ್ ದೇಶದ ತನಕ ಕಾಲ್ನಡಿಗೆಯ ವ್ಯಾಪಾರದ ಹಲವು ದಾರಿಗಳು ಉದ್ಭವಿಸಿದವು. ಈ ಕಾಲದಲ್ಲಿ ವಾಹನವನ್ನು ಬಳಸಿಯೂ ಆ ದಾರಿಯನ್ನು ಸಂಪೂರ್ಣವಾಗಿ ಕ್ರಮಿಸಲು ಅಸಾಧ್ಯವಾಗಿದ್ದರೂ, ಹದಿನೆಂಟು ನೂರು ವರ್ಷಗಳ ಹಿಂದೆ ಭೂಪಟದ ಅರಿವಿಲ್ಲದ ನಮ್ಮ ಹಿರಿಯರು ವ್ಯಾಪಾರದ ದೆಸೆಯಿಂದ ಈ ಕ್ಲಿಷ್ಟ ದಾರಿಯುದ್ದಕ್ಕೂ ಹೆಜ್ಜೆಗುರುತುಗಳನ್ನು ಮೂಡಿಸಿದ್ದಾರೆ. ಸಾವಿರಾರು ಮೈಲುಗಳ ಈ ದಾರಿಯು ಹಲವು ಪರ್ವತ, ಮರುಭೂಮಿ, ನದಿ, ಕೊಳ್ಳ, ಕಾಡು, ನಾಡುಗಳನ್ನು ಹಾದು ಹೋಗುತ್ತಿತ್ತು. ಈ ಕಾಲದ ಭೂಪಟದ ದೇಶಗಳಾದ ಚೀನಾ, ಕಝಕಿಸ್ತಾನ್, ಉಜ್ಬೆಕಿಸ್ತಾನ್, ಅಫಘನಿಸ್ತಾನ್, ಭಾರತ, ಪಾಕಿಸ್ತಾನ್, ಇರಾನ್, ಇರಾಕ್, ಟರ್ಕಿ - ಹೀಗೆ ಹಲವು ದೇಶಗಳನ್ನು ಹಾದು ಹೋಗುವ ಈ ದಾರಿಯು ವ್ಯಾಪಾರದ ಉದ್ದೇಶಕ್ಕಾಗಿ ಸಂಭವಿಸಿದರೂ ಅದಕ್ಕಾಗಿಯೇ ಸೀಮಿತವಾಗಿ ಉಳಿಯಲಿಲ್ಲ. ಧರ್ಮಗಳು, ಭಾಷೆಗಳು, ಲಿಪಿಗಳು, ಕೌಶಲ್ಯಗಳು, ಕಲಾಪ್ರಕಾರಗಳು, ತಂತ್ರಜ್ಞಾನಗಳು - ಹೀಗೆ ಹಲವು ವಿದ್ಯಮಾನಗಳು ಈ ದಾರಿಯ ಮೂಲಕ ಅತ್ತಿತ್ತ ಚಲಿಸಿದವು. ಆ ಕಾಲದ ಜನರು ಅವೆಲ್ಲವನ್ನೂ ತಮ್ಮ ಆವಶ್ಯಕತೆಗೆ ತಕ್ಕಂತೆ ಅಳವಡಿಸಿಕೊಂಡು ಹೊಸ ಜಗತ್ತನ್ನು ಸೃಷ್ಟಿಸಿಕೊಳ್ಳುವುದರಲ್ಲಿ ಸಫಲರಾದರು.<br/><br/>ಈ ಕಾದಂಬರಿಯು ಎರಡನೆಯ ಶತಮಾನದ ಏಷ್ಯಾಖಂಡದ ಹಲವು ಚಾರಿತ್ರಿಕ ಸಂಗತಿಗಳನ್ನು ಇಟ್ಟುಕೊಂಡು, ಅಂದಿನ ಯುಗಸಂಘರ್ಷವು ಜನಸಾಮಾನ್ಯರಲ್ಲಿ ತಂದಿರಬಹುದಾದ ಸವಾಲುಗಳನ್ನು ಕಾಲ್ಪನಿಕವಾದ ಕತೆಯ ಮೂಲಕ ನಿಮ್ಮ ಮುಂದಿಡಲು ಪ್ರಯತ್ನಿಸುತ್ತದೆ. ಹಲವು ದೇಶಗಳ ಮತ್ತು ಹಲವು ಧರ್ಮಗಳ ವಿಸ್ತಾರವಾದ ಅಧ್ಯಯನ ಮಾಡಿ ಈ ಕೃತಿಯನ್ನು ಲೇಖಕರು ರಚಿಸಿದ್ದಾರೆ.<br/><br/> |
| 650 ## - SUBJECT ADDED ENTRY--TOPICAL TERM | |
| Topical term or geographic name entry element | Fiction ಕಾದಂಬರಿ |
| 9 (RLIN) | 194233 |
| 650 ## - SUBJECT ADDED ENTRY--TOPICAL TERM | |
| Topical term or geographic name entry element | Historical |
| 9 (RLIN) | 194234 |
| 942 ## - ADDED ENTRY ELEMENTS (KOHA) | |
| Source of classification or shelving scheme | Dewey Decimal Classification |
| Koha item type | Book |
| Withdrawn status | Lost status | Source of classification or shelving scheme | Damaged status | Not for loan | Collection code | Home library | Current library | Date acquired | Source of acquisition | Cost, normal purchase price | Total Checkouts | Full call number | Barcode | Date last seen | Date last checked out | Cost, replacement price | Price effective from | Koha item type |
|---|---|---|---|---|---|---|---|---|---|---|---|---|---|---|---|---|---|---|
| Dewey Decimal Classification | Botany | St Aloysius Library | St Aloysius Library | 01/20/2025 | Navakarnataka Publications Pvt Ltd Mangaluru-575001 | 360.00 | 1 | K894.3 VASR | 077541 | 09/13/2025 | 09/10/2025 | 450.00 | 01/21/2025 | Book |